000 00500nam a2200193Ia 4500
005 20250326125212.0
008 250326s9999 xx 000 0 und d
037 _aTextbook
040 _aFMSL
_beng
_cFMSL
041 _aeng
_2eng
084 _aX5 L1
_qFMSL
100 _aShafto T A C
_9286456
245 0 _aCommerce structure and practice
_cShafto T A C
250 _a2
260 _aNY
_bNY, McGraw-Hill
_c1971
300 _a316p
942 _cTB
_hX5 L1
999 _c1276984
_d1276984